[Event "Budapest FS11 IM-B"]
[Site "Budapest"]
[Date "1995.??.??"]
[Round "3"]
[White "Dobos, Jozsef"]
[Black "Turzo, Attila"]
[Result "1/2-1/2"]
[WhiteElo "2350"]
[BlackElo "2310"]

1.d4 Nf6 2.Nf3 d5 3.c4 c6 4.Nc3 e6 5.e3 Nbd7 6.Qc2 Bd6 7.g4 Nxg4 8.Rg1 h5
9.h3 Qf6 10.Be2 Nh2 11.Nxh2 Bxh2 12.Rg2 Bc7 13.Bd2 Nb6 14.c5 Nc4 15.Bxc4 dxc4
16.O-O-O g6 17.Rdg1 e5 18.Ne4 Qe7 19.dxe5 Bxh3 20.Nf6+ Kf8 21.f4 Bxg2 22.Rxg2 Rd8
23.Qxc4 h4 24.Bc3 h3 25.Rh2 g5 26.Qe4 Qxc5  1/2-1/2

[Event "Budapest FS12 IM"]
[Site "Budapest"]
[Date "1995.??.??"]
[Round "3"]
[White "Farago, Sandor"]
[Black "Eperjesi, Laszlo"]
[Result "1/2-1/2"]
[WhiteElo "2360"]
[BlackElo "2280"]

1.d4 d5 2.c4 c6 3.Nc3 e6 4.e3 Nf6 5.Nf3 Be7 6.cxd5 exd5 7.Qc2 O-O 8.Bd3 Nbd7
9.O-O Re8 10.h3 Nf8 11.Ne5 Ng6 12.Nxg6 hxg6  1/2-1/2

[Event "Budapest Hungaroil"]
[Site "Budapest"]
[Date "1995.??.??"]
[Round "3"]
[White "Lengyel, Levente"]
[Black "Proehl, Holger"]
[Result "0-1"]
[WhiteElo "2365"]
[BlackElo "2350"]

1.Nf3 d5 2.d4 Nf6 3.c4 e6 4.Nc3 c6 5.e3 Nbd7 6.Qc2 Bd6 7.b3 O-O 8.Be2 Qe7
9.O-O dxc4 10.bxc4 e5 11.a4 Re8 12.Qb3 e4 13.Nd2 Bc7 14.Ba3 Qe6 15.Rfe1 Nf8
16.Nf1 Ng6 17.Ng3 h5 18.Nxh5 Nxh5 19.Bxh5 Nh4 20.f4 exf3 21.Bxf3 Nxf3+ 22.gxf3 Bxh2+
23.Kf2 Bg3+  0-1

[Event "Budapest Statistika"]
[Site "Budapest"]
[Date "1995.??.??"]
[Round "3"]
[White "Koerholz, Ludger"]
[Black "Feher, Gyula"]
[Result "1-0"]
[WhiteElo "2350"]
[BlackElo "2415"]

1.d4 d5 2.Nf3 Nf6 3.c4 c6 4.e3 e6 5.Nc3 Nbd7 6.Bd3 dxc4 7.Bxc4 b5 8.Bb3 b4
9.Ne2 Bb7 10.O-O Bd6 11.Nf4 O-O 12.Qe2 c5 13.Rd1 Rc8 14.Bd2 Qb6 15.Be1 Bxf4
16.exf4 Nd5 17.dxc5 Nxc5 18.Rd4 a5 19.Bc2 Nf6 20.Rad1 Bd5 21.Bb1 Qb7 22.Nh4 Be4
23.Bxe4 Ncxe4 24.Nf3 h6 25.Ne5 Nc5 26.Nc4 Qc7 27.Qe5 Nb7 28.b3 Qxe5 29.Nxe5 Rc2
30.Nd7 Rfc8 31.Nxf6+ gxf6 32.R4d2 Kg7 33.Kf1 R2c6 34.Rd7 R8c7 35.f3 f5 36.Bf2 Rxd7
37.Rxd7 Nc5 38.Rd2 Kf8 39.Bh4 Rc7 40.Bd8 Rc8 41.Bxa5 Na6 42.Rd6 Ra8 43.Ke1 Ke8
44.Kd1 Ra7 45.Kc1 Nc7 46.Bb6 Rb7 47.Bxc7 Rxc7+ 48.Kb2 Rb7 49.Rd4 Ke7 50.Rc4 Kd7
51.Rc5 Rb8 52.g4 Kd6 53.Ra5 fxg4 54.fxg4 Rg8 55.h3 f5 56.gxf5 Rg2+ 57.Kb1 exf5
58.Rxf5 Rf2 59.h4 h5 60.Rxh5 Rxf4 61.Kc2 Rd4 62.Rh8 Kc5 63.Rc8+ Kb5 64.Rc4 Rd8
65.h5 Ra8 66.Kb2 Rg8 67.h6  1-0

[Event "Budapest"]
[Site "Budapest"]
[Date "1995.??.??"]
[Round "4"]
[White "Szabo, Zsolt Jozsef"]
[Black "Fancsy, Imre"]
[Result "1/2-1/2"]
[WhiteElo "2225"]
[BlackElo "2365"]

1.d4 d5 2.c4 c6 3.Nf3 Nf6 4.e3 e6 5.Nc3 Nbd7 6.Qc2 Bd6 7.Be2 O-O 8.O-O dxc4
9.Bxc4 e5 10.h3 exd4 11.exd4 Nb6 12.Bb3  1/2-1/2

[Event "Budapest FS08 IM-B"]
[Site "Budapest"]
[Date "1995.??.??"]
[Round "4"]
[White "Peredy, Ferenc"]
[Black "Payen, Arnaud"]
[Result "1-0"]
[WhiteElo "2230"]
[BlackElo "2345"]

1.d4 d5 2.c4 c6 3.Nf3 Nf6 4.e3 e6 5.Nc3 Nbd7 6.Bd3 dxc4 7.Bxc4 b5 8.Be2 a6
9.e4 b4 10.e5 bxc3 11.exf6 Nxf6 12.bxc3 Bd6 13.O-O Qc7 14.c4 c5 15.dxc5 Bxc5
16.Bb2 Bb7 17.Be5 Qc6 18.Ne1 Ne4 19.Bf3 O-O 20.Nd3 Rad8 21.Qc2 Bd4 22.Rab1 f5
23.Rfd1 Bxe5 24.Nxe5 Qc7 25.Qb2 Ba8 26.h3 Rb8 27.Qd4 Rbd8 28.Qb2 Nc5 29.Rxd8 Rxd8
30.Bxa8 Rxa8 31.f4 h6 32.h4 Qd6 33.h5 Rc8 34.Qf2 Ne4 35.Qa7 Qc5+ 36.Qxc5 Nxc5
37.Rb6 Kf8 38.a4 Ke7 39.a5 Rc7 40.Kf2 Rb7 41.Rc6 Ne4+ 42.Ke3 Rb3+ 43.Kd4 Ng3
44.Rc7+ Ke8 45.Kc5 Kd8 46.Kd6 Nxh5 47.Re7 Kc8 48.Rc7+ Kd8 49.Nc6+ Ke8 50.Rc8+  1-0

[Event "Budapest FS04 GM"]
[Site "Budapest"]
[Date "1995.??.??"]
[Round "4"]
[White "Horvath, Jozsef"]
[Black "Volzhin, Alexander"]
[Result "1/2-1/2"]
[WhiteElo "2515"]
[BlackElo "2425"]

1.d4 d5 2.c4 c6 3.Nc3 Nf6 4.e3 e6 5.Nf3 Nbd7 6.Qc2 Bd6 7.Be2 O-O 8.O-O Qe7
9.Rd1 b6 10.e4 Nxe4 11.Nxe4 dxe4 12.Qxe4 Bb7 13.Bf4 Bxf4 14.Qxf4 Rac8 15.c5 bxc5
16.dxc5 Nxc5 17.Qb4 Rc7 18.Rac1 Ba6 19.Nd4 Bxe2 20.Nxe2 Na6 21.Qxe7 Rxe7
22.Rxc6 Nb4 23.Rc4 Rb7 24.Nc3 Nd5 25.Nxd5 exd5 26.Rc2 Rd7 27.Rd4 Rfd8 28.Kf1 f6
29.Rc5 Kf7 30.Ke2 Ke6 31.Kd3 Kf5 32.Ra5 g5 33.b3 Ke5 34.Re4+ Kf5 35.g4+ Kg6
36.Re6 Rc8 37.Raa6 Rf7 38.Rac6 Rh8 39.Rcd6 h5 40.h3 hxg4 41.hxg4 Rh3+ 42.Re3 Rh2
43.Ke2 Rh4 44.Kf3 Rh3+ 45.Ke2 Rh4 46.Rg3 Re7+ 47.Kd2 Re4 48.Rf3 Rhxg4 49.Rfxf6+ Kg7
50.Rf5 d4 51.Ra6 Re7 52.Kd3 Rc7 53.Kd2 Re7 54.Kd3 Rc7 55.Rfa5 Rc3+ 56.Kd2 Rf3
57.Ke2 Rgf4 58.Rxg5+ Kf8 59.Rg2 d3+ 60.Kd2 Re4 61.Rg3  1/2-1/2

[Event "Budapest FS04 GM"]
[Site "Budapest"]
[Date "1995.??.??"]
[Round "5"]
[White "Gonzalez Garcia, Jose"]
[Black "Honfi, Karoly"]
[Result "1-0"]
[WhiteElo "2360"]
[BlackElo "2380"]

1.d4 Nf6 2.Nf3 d5 3.c4 e6 4.Nc3 c6 5.e3 Nbd7 6.Qc2 Bd6 7.Bd3 dxc4 8.Bxc4 e5
9.O-O O-O 10.h3 Qe7 11.a3 Re8 12.Ba2 exd4 13.exd4 h6 14.Bxh6 Nf8 15.Bg5 Be6
16.d5 cxd5 17.Nxd5 Bxd5 18.Bxd5 Qe2 19.Qb3 Nxd5 20.Qxd5 Qa6 21.Rfd1 Re6 22.Rac1 Rae8
23.Be3 Be7 24.Qb3 b6 25.Nd4 Rd6 26.Rc7 Ng6 27.Rdc1 Rf8 28.Nb5 Rd5 29.Qxd5  1-0

[Event "Budapest FS02 IM-A"]
[Site "Budapest"]
[Date "1995.??.??"]
[Round "5"]
[White "Eperjesi, Laszlo"]
[Black "Balogh, Bela"]
[Result "1/2-1/2"]
[WhiteElo "2350"]
[BlackElo "2225"]

1.d4 d5 2.c4 c6 3.Nf3 Nf6 4.Nc3 e6 5.e3 Nbd7 6.Bd3 dxc4 7.Bxc4 b5 8.Bd3 a6
9.O-O Bb7 10.e4 c5  1/2-1/2

[Event "Budapest FS06 GM"]
[Site "Budapest"]
[Date "1995.??.??"]
[Round "5"]
[White "Dao Thien Hai"]
[Black "Csom, Istvan"]
[Result "1-0"]
[WhiteElo "2480"]
[BlackElo "2455"]

1.d4 Nf6 2.c4 c6 3.Nc3 d5 4.Nf3 e6 5.e3 Nbd7 6.Qc2 Be7 7.b3 b6 8.Bd3 Bb7
9.O-O Rc8 10.Bb2 c5 11.Ne5 cxd4 12.exd4 O-O 13.Rad1 Nb8 14.Qe2 Nc6 15.Bb1 Na5
16.Kh1 Bb4 17.Nb5 dxc4 18.bxc4 Nxc4 19.Nxc4 Nd5 20.Ne3 Qh4 21.Nxd5 Bxd5 22.f3 a6
23.Ba3 Bxa3 24.Nxa3 Rc3 25.Qb2 Rfc8 26.Bd3 b5 27.Nb1 R3c7 28.Nd2 f5 29.Nb3  1-0

[Event "Budapest FS11 GM"]
[Site "Budapest"]
[Date "1995.??.??"]
[Round "5"]
[White "Kaabi, Mejdi"]
[Black "Pavasovic, Dusko"]
[Result "1/2-1/2"]
[WhiteElo "2365"]
[BlackElo "2450"]

1.d4 d5 2.c4 e6 3.Nf3 c6 4.Nc3 Nf6 5.e3 Nbd7 6.Bd3 dxc4 7.Bxc4 b5 8.Be2 b4
9.Na4 Qa5 10.O-O Ba6 11.Bxa6 Qxa6 12.b3 Be7 13.Bb2 O-O 14.Rc1 Rac8 15.Re1 Rfd8
16.Qe2 Qb7 17.Rc4 Ne4 18.Rec1 Nb6 19.Nxb6 axb6 20.Qc2 c5 21.dxc5 Rxc5 22.Bd4 Rxc4
23.Qxc4 Bc5 24.h3 h6 25.Rc2 Qd5 26.Qxd5 Rxd5 27.g3 f6 28.Kg2 Kf7 29.Bxc5 bxc5
30.Ng1 e5 31.g4 Rd2 32.Rxd2 Nxd2 33.Ne2 Ke6 34.f3 e4 35.fxe4 Ke5 36.Kf2 Kxe4
37.Nc1 Nb1 38.Ke2 Nc3+ 39.Kd2 Kf3 40.a4 Kg2 41.Ne2 Ne4+ 42.Kd3 Nd6 43.Nf4+ Kf3
44.Nh5 Nb7 45.Kc4 Kxe3 46.Nxg7 Kd2 47.Ne6 Kc2 48.Nxc5 Nxc5 49.Kxc5 Kxb3 50.a5 Kc3
51.a6 b3 52.a7 b2 53.a8=Q b1=Q 54.Qf3+ Qd3 55.Qxf6+ Kb3 56.Qe6+ Kc3 57.Qe5+ Kd2
58.Qb2+ Kd1 59.Qa1+ Ke2 60.Qb2+ Kd1  1/2-1/2

[Event "HUN-ch"]
[Site "Budapest"]
[Date "1995.??.??"]
[Round "6"]
[White "Petran, Pal"]
[Black "Horvath, Csaba"]
[Result "0-1"]
[WhiteElo "2470"]
[BlackElo "2540"]

1.d4 d5 2.Nf3 Nf6 3.c4 c6 4.Nc3 e6 5.e3 Nbd7 6.Bd3 dxc4 7.Bxc4 b5 8.Bd3 Bb7
9.a3 a6 10.O-O c5 11.Qe2 Bd6 12.Rd1 O-O 13.h3 Qc7 14.e4 cxd4 15.Nxd4 Rad8
16.Nf3 Nc5 17.Bg5 Nxd3 18.Rxd3 Bf4 19.Bxf4 Qxf4 20.Qe3 Qxe3 21.Rxe3 Nd7 22.Kf1 Nb6
23.b3 Rd7 24.Ke2 Rc8 25.Ne1 Kf8 26.Rc1 a5 27.Na2 Rcd8 28.Rc2 a4 29.f3 Rd1
30.Nc1 b4 31.Ned3 axb3 32.Nxb3 R1xd3 33.Rxd3 Ba6 34.Nc5 Bxd3+ 35.Nxd3 bxa3
36.Nb4 Na4 37.Ke3 Rb8 38.Nd3 Nb2 39.Nc1 Ra8 40.Na2 Ra7 41.Rc5 Ke7 42.e5 Kd7
43.g3 Rc7 44.Kd4 Rxc5 45.Kxc5 Nd3+ 46.Kd4 Ne1 47.f4 Kc6 48.Kc4 Nf3 49.Nc3 Nd2+
50.Kd3 Nb3 51.Kc2 Nd4+ 52.Kb1 Nb5 53.Ne4 h6 54.g4 Kd5 55.Ng3 g5  0-1

[Event "Budapest Elekes"]
[Site "Budapest"]
[Date "1995.??.??"]
[Round "6"]
[White "Horvath, Jozsef"]
[Black "Farago, Ivan"]
[Result "1/2-1/2"]
[WhiteElo "2515"]
[BlackElo "2515"]

1.d4 d5 2.c4 c6 3.Nc3 Nf6 4.Nf3 e6 5.e3 Nbd7 6.Bd3 dxc4 7.Bxc4 b5 8.Bd3 a6
9.e4 c5 10.d5 Qc7  1/2-1/2

[Event "Budapest FS05 IM"]
[Site "Budapest"]
[Date "1995.??.??"]
[Round "6"]
[White "Dao Thien Hai"]
[Black "Thallinger, Harald"]
[Result "1-0"]
[WhiteElo "2480"]
[BlackElo "2205"]

1.d4 d5 2.c4 c6 3.Nf3 Nf6 4.Nc3 e6 5.e3 Nbd7 6.Qc2 Bd6 7.g4 Nxg4 8.Rg1 f5
9.h3 Ngf6 10.Rxg7 Ne4 11.Bd2 Kf8 12.Rg2 Rg8 13.O-O-O Rxg2 14.Bxg2 Nxf2 15.Rg1 Ne4
16.Be1 Ndf6 17.Ne5 Nxc3 18.Bxc3 Qe7 19.Bf3 Ne8 20.Be1 Bxe5 21.dxe5 Qc5 22.Kb1 Qxe3
23.Qg2 Ke7 24.Bf2 Qd3+ 25.Ka1 Kd8 26.cxd5 exd5 27.Rd1 Qc4 28.Qg5+ Kc7 29.Qe7+ Bd7
30.e6 Rd8 31.Bh4  1-0

[Event "Budapest FS06 GM"]
[Site "Budapest"]
[Date "1995.??.??"]
[Round "7"]
[White "Csom, Istvan"]
[Black "Metz, Hartmut"]
[Result "1-0"]
[WhiteElo "2455"]
[BlackElo "2315"]

1.c4 c6 2.Nf3 d5 3.e3 Nf6 4.Nc3 e6 5.d4 Nbd7 6.Qc2 Be7 7.b3 O-O 8.Bd3 b6
9.O-O Bb7 10.Bb2 Rc8 11.Rad1 Qc7 12.Ne5 Nxe5 13.dxe5 Ng4 14.Bxh7+ Kh8 15.Qe2 f5
16.h3 Kxh7 17.hxg4 fxg4 18.Qxg4 Rf5 19.Ne2 Rcf8 20.Nf4 R8f7 21.Qg6+ Kg8 22.Nxe6 Qc8
23.cxd5 cxd5 24.Rc1 Qb8 25.f4 d4 26.Nxd4 Be4 27.Nxf5  1-0

[Event "HUN-ch Super"]
[Site "Budapest"]
[Date "1995.??.??"]
[Round "7"]
[White "Kallai, Gabor"]
[Black "Szabolcsi, Janos"]
[Result "1/2-1/2"]
[WhiteElo "2490"]
[BlackElo "2475"]

1.c4 c6 2.Nf3 d5 3.e3 Nf6 4.d4 e6 5.Nc3 Nbd7 6.Qc2 Bd6 7.Be2 O-O 8.O-O e5
9.cxd5 cxd5 10.dxe5 Nxe5 11.Nxe5 Bxe5 12.Rd1 Qc7  1/2-1/2

[Event "Budapest"]
[Site "Budapest"]
[Date "1995.??.??"]
[Round "7"]
[White "Petran, Pal"]
[Black "Serdt, Simon"]
[Result "1-0"]
[WhiteElo "2470"]
[BlackElo "2235"]

1.d4 Nf6 2.c4 c6 3.Nc3 d5 4.Nf3 e6 5.e3 Nbd7 6.Bd3 a6 7.cxd5 cxd5 8.O-O Be7
9.Bd2 b5 10.Qe2 Bb7 11.a4 b4 12.Na2 a5 13.Nc1 O-O 14.Nb3 Qb6 15.Rfc1 Rfc8
16.Bb5 Bd8 17.Ne1 Qd6 18.Nd3 Bb6 19.Be1 Bc7 20.g3 Bb6 21.g4 e5 22.g5 e4 23.Ne5 Nxe5
24.dxe5 Qxe5 25.gxf6 Rd8 26.Bc6 Qg5+ 27.Kh1 Bc8 28.Bxb4 Qh4 29.Rg1 Bc7 30.Rg2 axb4
31.Bxa8 h5 32.f4 exf3 33.Qxf3 Bg4 34.Qf2 Qh3 35.Nd4 Rxa8 36.fxg7 Ra6 37.Rf1 f5
38.Nxf5  1-0

[Event "Budapest FS05 GM"]
[Site "Budapest"]
[Date "1995.??.??"]
[Round "8"]
[White "Kalinitschew, Sergey"]
[Black "Lukacs, Peter"]
[Result "1/2-1/2"]
[WhiteElo "2465"]
[BlackElo "2490"]

1.d4 Nf6 2.Nf3 d5 3.c4 e6 4.Nc3 c6 5.e3 Nbd7 6.Qc2 Bd6 7.Be2 O-O 8.O-O Qe7
9.Bd2 Re8 10.Rad1 b6 11.e4 Nxe4 12.Nxe4 dxe4 13.Qxe4 Bb7 14.Bf4 Bxf4 15.Qxf4 c5
16.Qc7 Rab8 17.Rfe1 Rec8 18.Qf4 Bxf3 19.Bxf3 cxd4 20.Qxd4 Nf6  1/2-1/2

[Event "Budapest FS05 GM"]
[Site "Budapest"]
[Date "1995.??.??"]
[Round "8"]
[White "Oblitas, Carlomagno"]
[Black "Wallace, John Paul"]
[Result "0-1"]
[WhiteElo "2440"]
[BlackElo "2345"]

1.d4 d5 2.c4 e6 3.Nc3 c6 4.e3 Nf6 5.Nf3 Nbd7 6.Qc2 Bd6 7.b3 O-O 8.Bb2 Re8
9.O-O-O b5 10.cxb5 c5 11.e4 Bb7 12.dxc5 Bxc5 13.exd5 exd5 14.Kb1 Rc8 15.Na4 Ba3
16.Qd2 Ne4 17.Qd4 Bxb2 18.Qxb2 Qf6 19.Qxf6 Ndxf6 20.Rg1 Ng4 21.Bd3 Ngxf2
22.Bxe4 Nxd1 23.Bf5 Nc3+ 24.Ka1 Rc7 25.b6 axb6 26.Rc1 Nb5 27.Rd1 Nd6  0-1

[Event "Budapest Mediflora"]
[Site "Budapest"]
[Date "1995.??.??"]
[Round "8"]
[White "Horvath, Jozsef"]
[Black "Varga, Peter"]
[Result "1/2-1/2"]
[WhiteElo "2515"]
[BlackElo "2440"]

1.d4 d5 2.c4 c6 3.Nc3 Nf6 4.e3 e6 5.Nf3 Nbd7 6.Qc2 b6 7.Be2 Bb7 8.O-O Be7
9.Rd1 O-O 10.e4 dxe4 11.Nxe4 Qc7 12.Bg5 Rfe8 13.Nxf6+ Nxf6 14.Ne5  1/2-1/2

[Event "Budapest"]
[Site "Budapest"]
[Date "1995.??.??"]
[Round "8"]
[White "Arnold, Ferenc"]
[Black "Fancsy, Imre"]
[Result "1/2-1/2"]
[WhiteElo "2325"]
[BlackElo "2365"]

1.d4 d5 2.c4 c6 3.Nc3 e6 4.Nf3 Nf6 5.e3 Nbd7 6.Qc2 Bd6 7.Be2 O-O 8.O-O dxc4
9.Bxc4 e5 10.dxe5 Nxe5 11.Nxe5  1/2-1/2

[Event "Budapest"]
[Site "Budapest"]
[Date "1995.??.??"]
[Round "8"]
[White "Izsak, Gyula"]
[Black "Serdt, Simon"]
[Result "1-0"]
[WhiteElo "2445"]
[BlackElo "2235"]

1.d4 Nf6 2.c4 c6 3.Nc3 d5 4.e3 e6 5.Nf3 Nbd7 6.Bd3 Bd6 7.O-O O-O 8.e4 dxe4
9.Nxe4 Nxe4 10.Bxe4 Nf6 11.Bc2 c5 12.Qd3 h6 13.Bd2 cxd4 14.Nxd4 Bc5 15.Bc3 e5
16.Nb3 Qxd3 17.Bxd3 Bd6 18.Rfe1 Rd8 19.Bf1 Re8 20.Rad1 Bc7 21.Nc5 b6 22.Nd3 e4
23.Nb4 Bg4 24.Be2 Be6 25.h3 Nd7 26.Nd5 Rac8 27.Bb4 Nc5 28.Bc3 Nd7 29.Bf1 f5
30.Nxc7 Rxc7 31.b3 Kf7 32.Rd2 Nc5 33.Red1 Rd7 34.Rxd7+ Nxd7 35.Be2 g6 36.Bd2 h5
37.Be3 Rc8 38.Kf1 Kf6 39.Bd4+ Kf7 40.Be3 Kf6 41.f3 Nc5 42.Bd4+ Ke7 43.Bxc5+ Rxc5
44.fxe4 fxe4 45.Kf2 h4 46.Rd4 Bf5 47.Ke3 Kf6 48.a4 g5 49.Bd1 Re5 50.Bc2 g4
51.hxg4 Bxg4 52.Bxe4 h3 53.gxh3 Bxh3 54.Kd3 Ke7 55.Bd5 Bf5+ 56.Kd2 a5 57.Rh4 Be6
58.Rh7+ Kd6 59.Rh6 Kd7 60.Bf3 Rg5 61.Rh7+ Kd6 62.Rb7 Kc5 63.Rc7+ Kd4 64.Rc6 Bf7
65.Rf6 Be8 66.Rxb6 Re5 67.Rb8 Kc5 68.Be2 Kd4 69.Bd3 Kc5 70.Kc3 Re1 71.Ra8 Kb6
72.Kd4 Bf7 73.c5+ Kb7 74.Rxa5 Rd1 75.Rb5+ Kc7 76.Kc3 Rc1+ 77.Kb4 Re1 78.Ra5 Bd5
79.Ra7+ Kb8 80.Rd7 Bc6 81.Rd6  1-0

[Event "Budapest Elekes"]
[Site "Budapest"]
[Date "1995.??.??"]
[Round "8"]
[White "Gonzalez, GJ."]
[Black "Izsak, Gyula"]
[Result "1/2-1/2"]
[WhiteElo "2360"]
[BlackElo "2445"]

1.d4 d5 2.c4 c6 3.Nf3 Nf6 4.Nc3 e6 5.e3 Nbd7 6.Qc2 Bd6 7.Be2 O-O 8.O-O Qe7
9.b3 Re8 10.Bb2 dxc4 11.Bxc4 h6 12.a4 e5 13.Nh4 Nf8 14.Nf5 Bxf5 15.Qxf5 exd4
16.exd4 Qd7 17.Qf3 Ng6 18.g3 Bb4 19.Na2 Bf8 20.Rad1 Ne7 21.Nb4 Qf5 22.Kg2 Rad8
23.Nd3 Qxf3+  1/2-1/2

[Event "Budapest FS06 GM"]
[Site "Budapest"]
[Date "1995.??.??"]
[Round "11"]
[White "Dao Thien Hai"]
[Black "Farago, Sandor"]
[Result "1-0"]
[WhiteElo "2480"]
[BlackElo "2360"]

1.d4 d5 2.c4 e6 3.Nc3 c6 4.e3 Nf6 5.Nf3 Nbd7 6.Qc2 Bd6 7.g4 h6 8.h3 a6 9.Rg1 dxc4
10.e4 e5 11.g5 hxg5 12.Bxg5 b5 13.O-O-O Qc7 14.Be3 g6 15.dxe5 Nxe5 16.Ng5 Bb7
17.f4 Nd3+ 18.Bxd3 cxd3 19.Rxd3 Bxf4 20.Bxf4 Qxf4+ 21.Kb1 Qe5 22.Qf2 Ke7
23.Nf3 Qc7 24.Qc5+ Ke8 25.e5 Nd7 26.Qe3 Nf8 27.Ne4 Ne6 28.Nf6+ Kf8 29.Rd7 Qb8
30.Ng5 Nxg5 31.Qxg5 Ra7 32.e6 Ba8 33.e7+ Kg7 34.e8=Q Rxe8 35.Qxg6+  1-0

[Event "Budapest FS08 GM"]
[Site "Budapest"]
[Date "1995.??.??"]
[Round "12"]
[White "Lehmann, Zoltan"]
[Black "Lukacs, Peter"]
[Result "0-1"]
[WhiteElo "2335"]
[BlackElo "2480"]

1.d4 Nf6 2.c4 e6 3.Nf3 d5 4.Nc3 c6 5.e3 Nbd7 6.Qc2 Bd6 7.Be2 O-O 8.O-O Re8
9.Rd1 Qe7 10.e4 Nxe4 11.Nxe4 dxe4 12.Qxe4 e5 13.Bg5 f6 14.Be3 exd4 15.Qxe7 Bxe7
16.Nxd4 Bc5 17.h3 a5 18.Kf1 g6 19.b3 Bf8 20.a3 Nc5 21.Bf3 Ne4 22.Ne2 Ng5
23.Bg4 f5 24.Bxg5 fxg4 25.h4 Bg7 26.Ra2 a4 27.bxa4 Be6 28.Be3 Bxc4 29.Rad2 Bc3
30.Rd7 Rxa4 31.Rd8 Rxd8 32.Rxd8+ Kf7 33.Bc5 b6  0-1

[Event "Budapest FS08 IM-A"]
[Site "Budapest"]
[Date "1995.??.??"]
[Round "12"]
[White "Gonzalez, J."]
[Black "Rotman, Daniel"]
[Result "1-0"]
[WhiteElo "2375"]
[BlackElo "2235"]

1.d4 d5 2.c4 c6 3.Nf3 Nf6 4.Nc3 e6 5.e3 Nbd7 6.Qc2 Bd6 7.Be2 O-O 8.O-O e5
9.cxd5 cxd5 10.Nb5 Bb8 11.dxe5 Nxe5 12.b3 Bg4 13.Nbd4 Bd6 14.Bb2 Rc8 15.Qd1 Qd7
16.Nh4 Rfe8 17.f3 Bh5 18.g4 Bg6 19.Rf2 h5 20.Nxg6 fxg6 21.gxh5 gxh5 22.Rg2 Re7
23.Bd3 Nxd3 24.Qxd3 Re5 25.Nb5 Re6 26.Nd4 Re5 27.Kh1 Rce8 28.Rag1 Bf8 29.Nc2 R5e6
30.Qf5 Qf7 31.Rg6 Be7  1-0

[Event "ARG-chT"]
[Site "Buenos Aires"]
[Date "1995.??.??"]
[Round "1"]
[White "Giardelli, Sergio C"]
[Black "Sieiro Gonzalez, Luis"]
[Result "1/2-1/2"]
[WhiteElo "2445"]
[BlackElo "2380"]

1.c4 c6 2.d4 d5 3.Nc3 Nf6 4.Nf3 e6 5.e3 Nbd7 6.Be2 Bd6 7.O-O O-O 8.Qc2 e5
9.cxd5 cxd5 10.dxe5 Nxe5 11.Rd1 Be6 12.Bd2 Rc8 13.Qa4 a6 14.Nxe5 Bxe5 15.Be1 Qe7
16.Rac1 Rfd8  1/2-1/2

[Event "Buenos Aires op"]
[Site "Buenos Aires"]
[Date "1995.??.??"]
[Round "4"]
[White "Fiorito, Fabian"]
[Black "Farah, Rodolfo"]
[Result "1-0"]
[WhiteElo "2435"]
[BlackElo "2180"]

1.d4 d5 2.c4 c6 3.Nf3 Nf6 4.Nc3 e6 5.e3 Nbd7 6.Qc2 Be7 7.Be2 O-O 8.O-O b6
9.Rd1 Bb7 10.b3 Qc7 11.Bb2 a6 12.Rac1 Rac8 13.Bd3 c5 14.cxd5 exd5 15.Bf5 cxd4
16.Nxd4 Bd6 17.g3 g6 18.Bh3 Rfd8 19.Qb1 Qb8 20.Bg2 Bf8 21.Nde2 Ne5 22.Nd4 b5
23.Nce2 Bg7 24.Nf4 Rxc1 25.Rxc1 Qd6 26.Rd1 Ne4 27.Nxb5 Qb6 28.Nd4 Qf6 29.Qc2 Ng4
30.Bxe4 dxe4 31.Nde6 Rxd1+ 32.Qxd1 Nxf2 33.Qd7 Nh3+ 34.Kh1  1-0

[Event "Buenos Aires Najdorf"]
[Site "Buenos Aires"]
[Date "1995.??.??"]
[Round "7"]
[White "Sorin, Ariel"]
[Black "Hoffman, Alejandro"]
[Result "1/2-1/2"]
[WhiteElo "2500"]
[BlackElo "2495"]

1.d4 d5 2.c4 e6 3.Nc3 c6 4.e3 Nf6 5.Nf3 Nbd7 6.Qc2 Bd6 7.Be2 O-O 8.O-O Re8
9.Rd1 Qe7 10.h3 b6 11.e4 dxe4 12.Nxe4 Nxe4 13.Qxe4 Bb7 14.Bf4 Bxf4 15.Qxf4 c5
16.Qc7 Nf8 17.Qxe7 Rxe7 18.dxc5 bxc5 19.Rd6 f6 20.Rad1 Kf7 21.Nd2 Rc7 22.Nb3 Ke7
23.Na5 Rb8 24.R6d2  1/2-1/2

[Event "Buenos Aires Najdorf"]
[Site "Buenos Aires"]
[Date "1995.??.??"]
[Round "9"]
[White "Giardelli, Sergio C"]
[Black "Sadler, Matthew"]
[Result "0-1"]
[WhiteElo "2445"]
[BlackElo "2565"]

1.c4 c6 2.d4 d5 3.Nf3 Nf6 4.Nc3 e6 5.e3 Nbd7 6.Qc2 Bd6 7.Be2 O-O 8.O-O dxc4
9.Bxc4 b5 10.Bd3 Bb7 11.h3 Rc8 12.Bd2 b4 13.Ne4 Nxe4 14.Bxe4 f5 15.Bd3 c5
16.Qb3 Bd5 17.Bc4 Bxf3 18.gxf3 Qg5+ 19.Kh1 Qh6 20.Kg2 Qg6+ 21.Kh1 Qh6 22.Kg2 Rf6
23.Rfd1 Kh8 24.Kf1 e5 25.Bb5 e4 26.Bxb4 Qxh3+ 27.Ke1 cxb4 28.Bxd7 Rd8 29.Bb5 Qxf3
30.Be2 Qg2 31.Kd2 f4 32.Rg1 Qxf2 33.Raf1 Qh2 34.Rh1 fxe3+ 35.Qxe3 Qxh1  0-1

[Event "Buenos Aires op"]
[Site "Buenos Aires"]
[Date "1995.??.??"]
[Round "9"]
[White "Ricardi, Pablo"]
[Black "Rodriguez, Jorge Luis"]
[Result "1-0"]
[WhiteElo "2530"]
[BlackElo "2395"]

1.Nf3 d5 2.c4 c6 3.d4 Nf6 4.Nc3 e6 5.e3 Nbd7 6.Bd3 Bd6 7.e4 dxe4 8.Nxe4 Nxe4
9.Bxe4 O-O 10.O-O h6 11.b3 Nf6 12.Bc2 b5 13.c5 Bc7 14.Re1 Qd5 15.Be3 Qh5
16.h3 Nd5 17.Qd3 f5 18.Bd2 Bd7 19.Bd1 a5 20.a4 b4 21.Ne5 Qe8 22.Nc4 Qe7 23.Bf3 Qh4
24.Re2 Bd8 25.Bxd5 exd5 26.Ne5 Bc8 27.Ng6 Qh5 28.Ne7+ Kf7 29.Nxc8 Rxc8 30.Bf4 Bc7
31.Bd6 Bxd6 32.cxd6 Qg6 33.Re7+ Kg8 34.d7 Rcd8 35.Rae1 Rf7 36.R1e6 Qg5 37.Re8+ Rf8
38.Qe2 Qc1+ 39.Kh2 Qf4+ 40.g3 Qc7 41.R6e7 f4 42.Qe6+ Kh7 43.Rxg7+  1-0

[Event "BUL-ch rapid"]
[Site "?"]
[Date "1995.??.??"]
[Round "?"]
[White "Delchev, Aleksander"]
[Black "Ninov, Nikolai"]
[Result "1/2-1/2"]
[WhiteElo "2450"]
[BlackElo "2435"]

1.d4 d5 2.c4 e6 3.Nc3 c6 4.e3 Nf6 5.Nf3 Nbd7 6.Bd3 dxc4 7.Bxc4 b5 8.Bd3 Bb7
9.e4 b4 10.Na4 c5 11.e5 Nd5 12.dxc5 Qa5 13.O-O Bxc5 14.a3 bxa3 15.Nxc5 Nxc5
16.Rxa3 Qb6 17.Ng5 Nxd3 18.Qxd3 Ne7 19.Be3 Qc6 20.f3 Qd5 21.Qxd5 Bxd5 22.Rxa7 Rxa7
23.Bxa7 Nc6 24.Ra1 Nxe5 25.Bd4 Nd7 26.Ra7 e5 27.Ra5 Bc6 28.Bc5 f6 29.Ne4 Nxc5
30.Nxc5  1/2-1/2

[Event "Bytom op"]
[Site "Bytom"]
[Date "1995.??.??"]
[Round "?"]
[White "Noga, Jozef"]
[Black "Orzechowski, Jacek"]
[Result "0-1"]
[WhiteElo "2125"]
[BlackElo "2245"]

1.c4 c6 2.d4 d5 3.Nc3 Nf6 4.Nf3 e6 5.e3 Nbd7 6.Qc2 Bd6 7.g4 dxc4 8.g5 Nd5
9.Bxc4 b6 10.e4 Nxc3 11.bxc3 e5 12.Rg1 g6 13.h4 Qe7 14.Be3 Bb7 15.O-O-O b5
16.Be2 O-O 17.dxe5 Nxe5 18.Nxe5 Bxe5 19.f4 Qa3+ 20.Qb2 Qxc3+ 21.Qxc3 Bxc3
22.Rd7 Bc8 23.Rc7 Ba5 24.Rxa7 Be6 25.Kb2 Rxa7 26.Bxa7 Bd2 27.f5 gxf5 28.exf5 Bxf5
29.Bf3 Bf4 30.Bxc6 Rc8 31.Bxb5 Be5+  0-1

[Event "Caceres"]
[Site "Caceres"]
[Date "1995.??.??"]
[Round "?"]
[White "Lalic, Bogdan"]
[Black "Llanes Hurtado, Miguel"]
[Result "1/2-1/2"]
[WhiteElo "2590"]
[BlackElo "2265"]

1.d4 e6 2.c4 d5 3.Nf3 Nf6 4.Nc3 c6 5.e3 Nbd7 6.Bd3 dxc4 7.Bxc4 b5 8.Bd3 Bb7
9.a3 a6 10.b4 a5 11.Rb1 axb4  1/2-1/2

[Event "CAN-ch"]
[Site "CAN"]
[Date "1995.??.??"]
[Round "5"]
[White "Taylor, Gordon"]
[Black "Hergott, Deen"]
[Result "0-1"]
[WhiteElo "2320"]
[BlackElo "2475"]

1.Nf3 Nf6 2.d4 d5 3.c4 c6 4.Nc3 e6 5.e3 Nbd7 6.Bd3 dxc4 7.Bxc4 b5 8.Bd3 b4
9.Na4 c5 10.dxc5 Nxc5 11.Nxc5 Bxc5 12.Bb5+ Bd7 13.Bd3 O-O 14.Ne5 Be8 15.O-O Qd5
16.f4 Rd8 17.Qc2 Bd6 18.Rd1 Qb7 19.Nc4 Bc7 20.Bd2 Bc6 21.Be1 Rc8 22.Rac1 h6
23.a3 a5 24.axb4 axb4 25.Bf1 b3 26.Qc3 Nd5 27.Qd4 Bb5 28.Na5 Bxa5 29.Bxa5 Rc2
30.Bd2 Rfc8 31.e4 Nf6 32.Bxb5 Qxb5 33.Bc3 Qe2 34.Rxc2 bxc2 35.Rc1 Kh7 36.h3 e5
37.Qxe5 Qe3+ 38.Kh2 Rxc3 39.bxc3 Qxc1 40.Qf5+ Kh8 41.e5 Ng8  0-1

[Event "CAN-ch"]
[Site "CAN"]
[Date "1995.??.??"]
[Round "9"]
[White "Livshits, Ron"]
[Black "O'Donnell, Tom"]
[Result "1/2-1/2"]
[WhiteElo "2350"]
[BlackElo "2360"]

1.d4 d5 2.c4 e6 3.Nc3 c6 4.e3 Nf6 5.Nf3 Nbd7 6.Bd3 dxc4 7.Bxc4 b5 8.Bd3 Bb7
9.a3 b4 10.Ne4 bxa3 11.bxa3 Ba6 12.O-O Bxd3 13.Qxd3 Be7 14.Bd2 O-O 15.Nxf6+ Nxf6
16.Qc4 Rc8 17.Bb4 Nd7 18.Qa6 c5 19.Ba5 Qe8 20.Bc3 Rc7 21.Rfb1 cxd4 22.Bxd4 Qc8
23.Qa5 Bf6 24.Bxf6 Nxf6 25.Nd4 Rd8 26.h3  1/2-1/2